000 00688nam a2200217Ia 4500
003 GCL
008 140319s9999 xx 000 0 ara d
040 _aGCL /
_cGCL
082 0 4 _a248.2
_bم ى
100 1 _aمحمد التونجى
245 1 0 _aاليزيديون: واقفهم, تاريخهم, معتقداتهم /
_cمحمد التونجى
260 _a[S.N] :
_bالدار السلفية ،
_c1988
300 _a164 ص
490 _a
650 0 4 _aالحركات الفكرية عند المسلمين
650 0 4 _aالخوارج
650 0 4 _aالتاريخ الاسلامى
650 0 4 _aالفرق الاسلامية
650 0 4 _aاليزيدية
942 _2ddc
_cBK
999 _c36123
_d36123